Tratado de derecho civil argentino : Fuentes de las obligaciones. Contratos 1 /
Guardado en:
| Autor Principal: | |
|---|---|
| Formato: | Libro |
| Idioma: | Spanish |
| Publicado: |
Buenos Aires :
La Ley,
1946
|
| Etiquetas: |
Agregar Etiqueta
Sin Etiquetas, Sea el primero en etiquetar este registro!
|
| LEADER | 00389nam a22001095a 4500 | ||
|---|---|---|---|
| 001 | DER.der000331 | ||
| 005 | 20160908000000.0 | ||
| 008 | 180615s1946####||||||||||||||||||||spa|| | ||
| 100 | 1 | |a Salvat, Raymundo M. | |
| 245 | 1 | 0 | |a Tratado de derecho civil argentino : |b Fuentes de las obligaciones. Contratos 1 / |c Raymundo M. Salvat |
| 260 | |a Buenos Aires : |b La Ley, |c 1946 | ||
| 859 | |a DERECHO |b BIB. DERECHO |h 346 |i SAL |p 000104 | ||
